000 01301nam a22002057a 4500
003 BUBTL
008 220309b ||||| |||| 00| 0 eng d
020 _a9789843516343
082 _a954.925/ H2733j/ 2021
100 _93866
_aহাসিনা, শেখ
245 _aজাতির পিতা বঙ্গবন্ধু শেখ মুজিবুর রহমান জন্মশতবর্ষ স্মারকগ্রন্থ /
_cশেখ হাসিনা
250 _a1st Edn.
260 _aঢাকা :
_bজাতির পিতা বঙ্গবন্ধু শেখ মুজিবুর রহমানের জন্মশতবার্ষিকী উদযাপন কমিটি,
_cc2021
300 _a631 p. :
_bills.;
_c25 cm.
505 _aজাতির পিতা বঙ্গবন্ধু শেখ মুজিবুর রহমান জন্মশতবর্ষ স্মারকগ্রন্থ, জাতির পিতা, বঙ্গবন্ধু, শেখ মুজিবুর রহমান,জন্মশতবর্ষ, স্মারকগ্রন্থ, শেখ হাসিনা
650 0 _93574
_aবঙ্গবন্ধু
856 _k0
_l0
_yDownload
942 _2ddc
_cBK
999 _c6665
_d6665